000 00357nam a2200145Ia 4500
008 230711s9999||||xx |||||||||||||| ||und||
041 _aENG
082 _a510
_bRA-M
100 _aRajput.BS
245 0 _aElementary Mathematical Physics
250 _a2nd . Ed.
260 _c1996
_aNew Delhi
_bPragati Parkashan Meerut
650 _aMathematics
942 _cBK
999 _c3798
_d3798